Kurtuluş Savaşı sözlüğü / (Record no. 200429246)

MARC details
000 -LEADER
fixed length control field 00914cam a2200301 i 4500
001 - CONTROL NUMBER
control field 200429246
003 - CONTROL NUMBER IDENTIFIER
control field TR-AnTOB
005 - DATE AND TIME OF LATEST TRANSACTION
control field 20190926161818.0
007 - PHYSICAL DESCRIPTION FIXED FIELD--GENERAL INFORMATION
fixed length control field ta
008 - FIXED-LENGTH DATA ELEMENTS--GENERAL INFORMATION
fixed length control field 991011s2004 tu d 010 0 tur d
020 ## - INTERNATIONAL STANDARD BOOK NUMBER
International Standard Book Number 9756242019
International Standard Book Number 9789756242018
040 ## - CATALOGING SOURCE
Original cataloging agency DLC
Language of cataloging eng
Description conventions rda
Transcribing agency DLC
Modifying agency ZCU
-- BGZ
-- TR-AnTOB
041 ## - LANGUAGE CODE
Language code of text/sound track or separate title Türkçe
050 #0 - LIBRARY OF CONGRESS CALL NUMBER
Classification number DR589
090 ## - LOCALLY ASSIGNED LC-TYPE CALL NUMBER (OCLC); LOCAL CALL NUMBER (RLIN)
Classification number (OCLC) (R) ; Classification number, CALL (RLIN) (NR) DR589
Local cutter number (OCLC) ; Book number/undivided call number, CALL (RLIN) .C5 2004
100 ## - MAIN ENTRY--PERSONAL NAME
Personal name Çiloğlu, Fahrettin
9 (RLIN) 119422
245 10 - TITLE STATEMENT
Title Kurtuluş Savaşı sözlüğü /
Statement of responsibility, etc. Fahrettin Çiloğlu.
264 #1 - PRODUCTION, PUBLICATION, DISTRIBUTION, MANUFACTURE, AND COPYRIGHT NOTICE
Place of production, publication, distribution, manufacture İstanbul :
Name of producer, publisher, distributor, manufacturer Livane,
Date of production, publication, distribution, manufacture, or copyright notice 2004.
300 ## - PHYSICAL DESCRIPTION
Extent 274 pages ;
Dimensions 20 cm.
336 ## - CONTENT TYPE
Content type term text
Source rdaconten
Content type code txt
337 ## - MEDIA TYPE
Media type term unmediated
Source rdamedia
Media type code n
338 ## - CARRIER TYPE
Carrier type term volume
Source rdacarrier
Carrier type code nc
651 #0 - SUBJECT ADDED ENTRY--GEOGRAPHIC NAME
Geographic name Turkey
General subdivision History
Chronological subdivision Revolution, 1918-1923
Form subdivision Dictionaries
9 (RLIN) 120293
Geographic name Türkiye
General subdivision Tarih
Chronological subdivision Kurtuluş Savaşı, 1918-1923
Form subdivision Sözlükler
9 (RLIN) 102036
942 ## - ADDED ENTRY ELEMENTS (KOHA)
Source of classification or shelving scheme Library of Congress Classification
Koha item type Book
Holdings
Withdrawn status Lost status Source of classification or shelving scheme Not for loan Collection code Home library Current library Shelving location Date acquired Source of acquisition Inventory number Total Checkouts Full call number Barcode Date last seen Copy number Date shelved Koha item type Public note
    Library of Congress Classification Ödünç Verilebilir / Available Genel Koleksiyon Merkez Kütüphane Merkez Kütüphane Genel Koleksiyon / Main Collection 21/02/2018 Bağış / Donation TAR   DR589 .C5 2004 0056376 27/03/2018 1 06/04/2018 Book Donated by Levent Kuşoğlu
Devinim Yazılım Eğitim Danışmanlık tarafından Koha'nın orjinal sürümü uyarlanarak geliştirilip kurulmuştur.